000 00453nam a2200145Ia 4500
008 140724s9999 xx 000 0 und d
050 _aTX 911.3.M27
_b.N322 2011
100 _aNavarro, Marc Bernard O.
245 _a"Kape Ka Muna" /
_cMarc Bernard O. Navarro.
260 _aLas PiƱas, Philippines :
_bSouthville International School and Colleges,
_cc2011.
300 _a28 p. :
_bill. ;
_c28 cm.
521 _aTourism
942 _cTH
999 _c229200
_d229200